[Event "SVK-chT3A2 2223"]
[Site "Slovakia"]
[Date "2023.03.19"]
[Round "9.1"]
[White "Jablonicky, Martin"]
[Black "Horak, Ivan"]
[Result "1-0"]
[WhiteElo "2392"]
[BlackElo "2019"]
[PlyCount "47"]
[EventDate "2022.10.16"]
[EventType "team-tourn"]
[EventRounds "9"]
[EventCountry "SVK"]
[SourceTitle "EXT 2024"]
[Source "ChessBase"]
[SourceDate "2023.10.10"]
[SourceVersion "1"]
[SourceVersionDate "2023.10.10"]
[SourceQuality "1"]
[WhiteTeam "Senica CVC"]
[BlackTeam "Holic"]
[WhiteTeamCountry "SVK"]
[BlackTeamCountry "SVK"]

1. e4 c5 2. Nf3 d6 3. d4 cxd4 4. Nxd4 Nf6 5. Nc3 a6 6. Bc4 e6 7. Bb3 Be7 8. f4 Qc7 9. f5 e5 10. Nde2 Bd7 11. Bg5 Bc6 12. Ng3 Nbd7 13. Bxf6 Nxf6 14. Nh5 0-0 15. Nxf6+ Bxf6 16. Qd3 Kh8 17. 0-0-0 Be7 18. h4 f6 19. g4 Rfd8 20. Kb1 Bf8 21. g5 Qe7 22. Qc4 d5 23. exd5 Bb5 24. d6 1-0

[Event "SVK-chT3A2 1819"]
[Site "Slovakia"]
[Date "2019.01.27"]
[Round "7.5"]
[White "Rachela, Jozef"]
[Black "Horak, Ivan"]
[Result "1/2-1/2"]
[WhiteElo "2020"]
[BlackElo "1996"]
[PlyCount "35"]
[EventDate "2018.10.07"]
[EventType "team-tourn"]
[EventRounds "11"]
[EventCountry "SVK"]
[SourceTitle "EXT 2020"]
[Source "ChessBase"]
[SourceDate "2019.10.17"]
[SourceVersion "1"]
[SourceVersionDate "2019.10.17"]
[SourceQuality "1"]
[WhiteTeam "Dunajska Streda II"]
[BlackTeam "Holic"]
[WhiteTeamCountry "SVK"]
[BlackTeamCountry "SVK"]

1. Nf3 d5 2. g3 Nf6 3. Bg2 e6 4. c4 c6 5. cxd5 exd5 6. 0-0 Be7 7. Qc2 0-0 8. Nc3 Re8 9. d4 Bg4 10. a3 Nbd7 11. b4 Bd6 12. Be3 Nb6 13. Nd2 Qc8 14. Rfe1 Bh3 15. Bg5 Bxg2 16. Kxg2 Be7 17. e3 Qg4 18. Bxf6 1/2-1/2

[Event "SVK-chT3A2 1819"]
[Site "Slovakia"]
[Date "2018.10.21"]
[Round "2.2"]
[White "Hrubsa, Marian"]
[Black "Horak, Ivan"]
[Result "1-0"]
[WhiteElo "1925"]
[BlackElo "1996"]
[PlyCount "89"]
[EventDate "2018.10.07"]
[EventType "team-tourn"]
[EventRounds "11"]
[EventCountry "SVK"]
[SourceTitle "EXT 2020"]
[Source "ChessBase"]
[SourceDate "2019.10.17"]
[SourceVersion "1"]
[SourceVersionDate "2019.10.17"]
[SourceQuality "1"]
[WhiteTeam "Skalica II"]
[BlackTeam "Holic"]
[WhiteTeamCountry "SVK"]
[BlackTeamCountry "SVK"]

1. e4 c5 2. Nf3 d6 3. d4 cxd4 4. Nxd4 Nf6 5. Nc3 a6 6. Be2 e5 7. Nb3 Be7 8. Be3 Be6 9. 0-0 0-0 10. Qe1 Nbd7 11. Rd1 Rc8 12. f3 b5 13. a3 Nb6 14. Qf2 Nc4 15. Bxc4 Bxc4 16. Bb6 Qd7 17. Rfe1 Bxb3 18. cxb3 Qb7 19. Nd5 Nxd5 20. Rxd5 Rc6 21. Ba5 Rfc8 22. Bc3 Bd8 23. Qd2 a5 24. b4 axb4 25. axb4 h6 26. Rd1 Be7 27. Qd3 Rc4 28. Ra1 Qb6+ 29. Kf1 Qc6 30. Ra5 Rb8 31. Qe3 Rb7 32. Qd3 g6 33. Qe3 Kg7 34. g4 f5 35. gxf5 gxf5 36. Qg1+ Kh7 37. Ra8 Bg5 38. Ra7 fxe4 39. Rxb7+ Qxb7 40. Rxd6 exf3 41. Qg3 Re4 42. Qh3 Kg8 43. Qf5 Rf4 44. Qxe5 Qa7 45. Qe8+ 1-0

[Event "SVK-chT3A2 1819"]
[Site "Slovakia"]
[Date "2018.10.07"]
[Round "1.5"]
[White "Kubik, Peter1111"]
[Black "Horak, Ivan"]
[Result "0-1"]
[WhiteElo "1833"]
[BlackElo "1996"]
[PlyCount "58"]
[EventDate "2018.10.07"]
[EventType "team-tourn"]
[EventRounds "11"]
[EventCountry "SVK"]
[SourceTitle "EXT 2020"]
[Source "ChessBase"]
[SourceDate "2019.10.17"]
[SourceVersion "1"]
[SourceVersionDate "2019.10.17"]
[SourceQuality "1"]
[WhiteTeam "Senica SK"]
[BlackTeam "Holic"]
[WhiteTeamCountry "SVK"]
[BlackTeamCountry "SVK"]

1. e4 c5 2. d4 cxd4 3. c3 dxc3 4. Nxc3 d6 5. Nf3 e6 6. Bc4 Be7 7. 0-0 Nf6 8. Qe2 Nc6 9. Rd1 e5 10. b4 Bg4 11. Nd5 0-0 12. Bb2 Rc8 13. a3 Bxf3 14. Qxf3 Nxb4 15. Nxf6+ Bxf6 16. Bxf7+ Rxf7 17. axb4 a6 18. Qb3 Qb6 19. Rac1 Rcf8 20. Bc3 Bh4 21. Be1 Bxf2+ 22. Bxf2 Qxf2+ 23. Kh1 Kh8 24. h3 h6 25. Rxd6 Qe2 26. Qd5 Kh7 27. Qxe5 Rf1+ 28. Rxf1 Rxf1+ 29. Kh2 Qe1 0-1

[Event "SVK-chT3A2 1718"]
[Site "Slovakia"]
[Date "2017.11.05"]
[Round "3.4"]
[White "Horak, Ivan"]
[Black "Diviak, Rudolf"]
[Result "1-0"]
[WhiteElo "2010"]
[BlackElo "1772"]
[PlyCount "55"]
[EventDate "2017.10.08"]
[EventType "team-tourn"]
[EventRounds "11"]
[EventCountry "SVK"]
[SourceTitle "EXT 2020"]
[Source "ChessBase"]
[SourceDate "2019.10.17"]
[SourceVersion "1"]
[SourceVersionDate "2019.10.17"]
[SourceQuality "1"]
[WhiteTeam "Holic"]
[BlackTeam "Senica CVC"]
[WhiteTeamCountry "SVK"]
[BlackTeamCountry "SVK"]

1. e4 e5 2. Nf3 Nc6 3. Bb5 a6 4. Ba4 Nf6 5. d4 exd4 6. 0-0 Be7 7. Re1 0-0 8. e5 Ng4 9. h3 Nh6 10. Bxh6 gxh6 11. Nxd4 Nxd4 12. Qxd4 d6 13. exd6 Bf6 14. Qb4 c5 15. Qxc5 Bxb2 16. Nd2 Bxa1 17. Rxa1 b5 18. Bb3 Qg5 19. Ne4 Qg7 20. Re1 Bxh3 21. Ng3 Rac8 22. Qb6 Bd7 23. Re7 Be6 24. Bxe6 Qa1+ 25. Kh2 fxe6 26. d7 Rcd8 27. Qxe6+ Kh8 28. Qxh6 1-0

[Event "SVK-chT3A2 1617"]
[Site "Slovakia"]
[Date "2017.02.19"]
[Round "9.2"]
[White "Skreno, Vladimir"]
[Black "Horak, Ivan"]
[Result "1-0"]
[WhiteElo "2216"]
[BlackElo "2048"]
[PlyCount "109"]
[EventDate "2016.10.16"]
[EventType "team-tourn"]
[EventRounds "11"]
[EventCountry "SVK"]
[SourceTitle "EXT 2020"]
[Source "ChessBase"]
[SourceDate "2019.10.17"]
[SourceVersion "1"]
[SourceVersionDate "2019.10.17"]
[SourceQuality "1"]
[WhiteTeam "Hlohovec"]
[BlackTeam "Holic"]
[WhiteTeamCountry "SVK"]
[BlackTeamCountry "SVK"]

1. d4 d5 2. Nf3 Nf6 3. c4 e6 4. Bg5 c6 5. cxd5 exd5 6. Nc3 Be7 7. e3 Bf5 8. Be2 h6 9. Bxf6 Bxf6 10. Rc1 Nd7 11. b4 b5 12. a4 a6 13. a5 0-0 14. 0-0 Re8 15. Ne1 Be7 16. Bd3 Bxd3 17. Nxd3 Bd6 18. Ne2 Rc8 19. Rc2 Qe7 20. Qd2 Rc7 21. Rfc1 Rec8 22. Ng3 g6 23. Qe1 Qh4 24. Nf1 Qe4 25. Qd2 Kg7 26. f3 Qh4 27. Qe1 Qxe1 28. Rxe1 Re8 29. Nd2 f6 30. g3 Kf7 31. Kf2 Nf8 32. Nc5 Bxc5 33. Rxc5 Ne6 34. Rc3 Rec8 35. Nb3 f5 36. Nc1 Nf8 37. Nd3 Nd7 38. h4 Kf6 39. Rec1 g5 40. hxg5+ hxg5 41. Rh1 Kg7 42. Rcc1 Rg8 43. Rh5 Kf6 44. Rh7 Rg7 45. Rh8 Ke7 46. Ra8 Rh7 47. Kg2 Rh6 48. Rh1 Rxh1 49. Kxh1 Kf6 50. Kg2 g4 51. Rxa6 Rc8 52. Ra7 Ke6 53. Rb7 Kd6 54. f4 Rh8 55. Ne5 1-0

[Event "SVK-chT3A2 1617"]
[Site "Slovakia"]
[Date "2017.01.22"]
[Round "7.1"]
[White "Nemeckay, Rastislav"]
[Black "Horak, Ivan"]
[Result "1/2-1/2"]
[WhiteElo "2024"]
[BlackElo "2048"]
[PlyCount "141"]
[EventDate "2016.10.16"]
[EventType "team-tourn"]
[EventRounds "11"]
[EventCountry "SVK"]
[SourceTitle "EXT 2020"]
[Source "ChessBase"]
[SourceDate "2019.10.17"]
[SourceVersion "1"]
[SourceVersionDate "2019.10.17"]
[SourceQuality "1"]
[WhiteTeam "Senica CVC"]
[BlackTeam "Holic"]
[WhiteTeamCountry "SVK"]
[BlackTeamCountry "SVK"]

1. e4 d5 2. exd5 Qxd5 3. Nc3 Qa5 4. d4 c6 5. Nf3 Bg4 6. Be2 Nf6 7. 0-0 e6 8. Ne5 Bxe2 9. Qxe2 Bd6 10. Nc4 Qc7 11. Nxd6+ Qxd6 12. Bg5 Nbd7 13. Rad1 0-0 14. Ne4 Nxe4 15. Qxe4 Qd5 16. Qxd5 cxd5 17. c3 h6 18. Bc1 Rac8 19. f3 Rc6 20. Kf2 Rfc8 21. Bd2 b5 22. Rc1 Ra6 23. Ra1 Rc4 24. b3 Rcc6 25. a3 Rab6 26. Rfb1 Ra6 27. Ke2 Nb6 28. Kd3 f6 29. Re1 Kf7 30. Kc2 Nd7 31. Bf4 g5 32. Bg3 Kg6 33. Kb2 Rab6 34. a4 b4 35. Rac1 bxc3+ 36. Rxc3 Rxc3 37. Kxc3 Rc6+ 38. Kb2 Kf5 39. Rc1 Rxc1 40. Kxc1 e5 41. Kd2 h5 42. Ke3 Nb8 43. Be1 Nc6 44. Bc3 a5 45. dxe5 fxe5 46. Kd3 g4 47. fxg4+ hxg4 48. Ke2 d4 49. Be1 e4 50. h3 gxh3 51. gxh3 Kf4 52. h4 d3+ 53. Kd2 Nb4 54. Bf2 Nd5 55. h5 Kg5 56. Be1 Kxh5 57. Kd1 Kg4 58. Bxa5 e3 59. Be1 Kf5 60. a5 Ke6 61. a6 Nb6 62. Bg3 Kd5 63. a7 Kd4 64. Bh4 Kc3 65. Bf6+ Kxb3 66. Bd4 e2+ 67. Ke1 Na8 68. Kd2 Kc4 69. Bf2 Nc7 70. Bg3 Na8 71. Bf2 1/2-1/2

[Event "SVK-chT3A2 1617"]
[Site "Slovakia"]
[Date "2016.12.11"]
[Round "5.2"]
[White "Horak, Ivan"]
[Black "Nemsak, Denis"]
[Result "0-1"]
[WhiteElo "2048"]
[BlackElo "2013"]
[PlyCount "68"]
[EventDate "2016.10.16"]
[EventType "team-tourn"]
[EventRounds "11"]
[EventCountry "SVK"]
[SourceTitle "EXT 2020"]
[Source "ChessBase"]
[SourceDate "2019.10.17"]
[SourceVersion "1"]
[SourceVersionDate "2019.10.17"]
[SourceQuality "1"]
[WhiteTeam "Holic"]
[BlackTeam "Piestany Kupele"]
[WhiteTeamCountry "SVK"]
[BlackTeamCountry "SVK"]

1. e4 d5 2. exd5 Nf6 3. d4 Nxd5 4. c4 Nb6 5. Nc3 g6 6. Be3 Bg7 7. Be2 0-0 8. Nf3 Nc6 9. Rc1 e5 10. d5 Ne7 11. 0-0 Nf5 12. Bc5 Re8 13. g4 Nd7 14. Ba3 Nd4 15. Re1 Nf6 16. Nxd4 exd4 17. Nb5 Nxg4 18. Bxg4 Rxe1+ 19. Qxe1 Bxg4 20. Qe7 Qxe7 21. Bxe7 d3 22. Nxc7 d2 23. Rb1 Rc8 24. d6 Be5 25. c5 Rxc7 26. dxc7 Bxc7 27. Bd6 Bd8 28. b4 d1Q+ 29. Rxd1 Bxd1 30. Kg2 f5 31. f4 Kf7 32. Kf2 Ke6 33. Ke1 Ba4 34. Kd2 Kd5 0-1

[Event "SVK-chT3A2 1617"]
[Site "Slovakia"]
[Date "2016.10.30"]
[Round "2.4"]
[White "Puskar, Peter"]
[Black "Horak, Ivan"]
[Result "1-0"]
[WhiteElo "2167"]
[BlackElo "2048"]
[PlyCount "69"]
[EventDate "2016.10.16"]
[EventType "team-tourn"]
[EventRounds "11"]
[EventCountry "SVK"]
[SourceTitle "EXT 2020"]
[Source "ChessBase"]
[SourceDate "2019.10.17"]
[SourceVersion "1"]
[SourceVersionDate "2019.10.17"]
[SourceQuality "1"]
[WhiteTeam "Trnava Lokomotiva III"]
[BlackTeam "Holic"]
[WhiteTeamCountry "SVK"]
[BlackTeamCountry "SVK"]

1. d4 Nf6 2. c4 c5 3. d5 b5 4. cxb5 a6 5. bxa6 Bxa6 6. Nc3 g6 7. Nf3 Bg7 8. e4 Bxf1 9. Kxf1 d6 10. g3 Nbd7 11. Kg2 0-0 12. Qe2 Ng4 13. a4 Bxc3 14. bxc3 Ra5 15. h3 Nge5 16. Nxe5 Nxe5 17. Bh6 Re8 18. c4 Qa8 19. Qa2 Qa6 20. Bd2 Qxc4 21. Qxc4 Nxc4 22. Bxa5 Nxa5 23. Rhb1 Ra8 24. Rb5 Kg7 25. Kf3 h5 26. Ke2 Kf6 27. Kd3 e6 28. Re1 Ke7 29. Kc3 Kd7 30. Reb1 Kc7 31. Rb6 e5 32. f4 f6 33. fxe5 fxe5 34. R6b5 Kd7 35. Rb8 1-0

[Event "SVK-chT4 A21 1516"]
[Site "Slovakia"]
[Date "2016.01.10"]
[Round "6.3"]
[White "Horak, Ivan"]
[Black "Miciak, Emanuel"]
[Result "0-1"]
[WhiteElo "2045"]
[BlackElo "1840"]
[PlyCount "104"]
[EventDate "2015.10.04"]
[EventType "team-tourn"]
[EventRounds "11"]
[EventCountry "SVK"]
[SourceTitle "CBM 170 Extra"]
[Source "ChessBase"]
[SourceDate "2016.02.25"]
[SourceVersion "1"]
[SourceVersionDate "2016.02.25"]
[SourceQuality "1"]
[WhiteTeam "Holic"]
[BlackTeam "Vrbove III"]
[WhiteTeamCountry "SVK"]
[BlackTeamCountry "SVK"]

1. e4 e5 2. Nf3 Nc6 3. Bb5 a6 4. Ba4 Nf6 5. d4 Nxe4 6. Qe2 f5 7. dxe5 Bc5 8. 0-0 0-0 9. Nbd2 d5 10. exd6 Nxd6 11. c3 Re8 12. Qd3 Be6 13. Bb3 Qf6 14. Bxe6+ Qxe6 15. Nb3 Ne4 16. Be3 Bxe3 17. Qxe3 Rad8 18. Rad1 Rxd1 19. Rxd1 Qf7 20. Qd3 Qe7 21. Qc4+ Kf8 22. Re1 Qf7 23. Qxf7+ Kxf7 24. Nbd4 Nxd4 25. Nxd4 g6 26. f3 Nc5 27. Rxe8 Kxe8 28. b4 Na4 29. Ne2 Kd7 30. Kf2 c5 31. a3 Nb2 32. Kg3 b5 33. Kf4 Nc4 34. bxc5 Kc6 35. Nd4+ Kxc5 36. Ne6+ Kb6 37. Nf8 Nxa3 38. Nxh7 a5 39. Ke3 Nc4+ 40. Kd3 a4 41. g4 Ne5+ 42. Kc2 Nxg4 43. Nf8 Ne5 44. Ne6 Kc6 45. Nf4 g5 46. Ng2 Nxf3 47. h3 Kc5 48. Kd3 Ne5+ 49. Kc2 Ng6 50. Ne1 Nf4 51. Nd3+ Nxd3 52. Kxd3 a3 0-1

[Event "SVK-chT3A2 1314"]
[Site "Slovakia"]
[Date "2014.01.11"]
[Round "6.4"]
[White "Kavon, Rastislav"]
[Black "Horak, Ivan"]
[Result "1-0"]
[WhiteElo "2026"]
[BlackElo "2070"]
[PlyCount "105"]
[EventDate "2013.10.13"]
[EventType "team-tourn"]
[EventRounds "11"]
[EventCountry "SVK"]
[SourceTitle "EXT 2015"]
[Source "ChessBase"]
[SourceDate "2014.11.20"]
[SourceVersion "1"]
[SourceVersionDate "2014.11.20"]
[SourceQuality "1"]
[WhiteTeam "Trnava Modranka"]
[BlackTeam "Holic"]
[WhiteTeamCountry "SVK"]
[BlackTeamCountry "SVK"]

1. e4 c5 2. Nf3 d6 3. d4 cxd4 4. Nxd4 Nf6 5. Nc3 a6 6. Be3 e6 7. f3 Qc7 8. Qd2 b5 9. 0-0-0 Bb7 10. g4 b4 11. Nce2 d5 12. e5 Nfd7 13. f4 Nc6 14. Bg2 Bc5 15. Nxc6 Qxc6 16. Bxc5 Qxc5 17. Nd4 0-0-0 18. Rhe1 Rhe8 19. Re2 Kb8 20. f5 Rc8 21. fxe6 fxe6 22. Rf1 Qe7 23. Kb1 Rf8 24. Ree1 Rxf1 25. Bxf1 Rf8 26. Bxa6 h6 27. Bxb7 Kxb7 28. c3 Nb6 29. b3 bxc3 30. Qxc3 Rc8 31. Qd2 Nd7 32. Qe2 Rc5 33. Qd2 Nb6 34. Rc1 Rxc1+ 35. Qxc1 Qd7 36. Qc5 Qe8 37. Kb2 Ka6 38. Kc3 Qd7 39. Qc6 Qxc6+ 40. Nxc6 Nd7 41. Kd4 Kb6 42. Nb4 Nb8 43. h4 Kb5 44. Nxd5 Nc6+ 45. Ke4 exd5+ 46. Kxd5 Nb4+ 47. Kd6 Nxa2 48. e6 Nc3 49. e7 Ne4+ 50. Kc7 Nf6 51. Kd8 g5 52. hxg5 hxg5 53. e8Q+ 1-0

[Event "SVK-chT3A2 1213"]
[Site "Slovakia"]
[Date "2013.02.24"]
[Round "9.4"]
[White "Horak, Ivan"]
[Black "Sebesta, Radovan"]
[Result "1/2-1/2"]
[WhiteElo "2094"]
[BlackElo "2061"]
[PlyCount "70"]
[EventDate "2012.10.07"]
[EventType "team-tourn"]
[EventRounds "11"]
[EventCountry "SVK"]
[SourceTitle "EXT 2015"]
[Source "ChessBase"]
[SourceDate "2014.11.20"]
[SourceVersion "1"]
[SourceVersionDate "2014.11.20"]
[SourceQuality "1"]
[WhiteTeam "Holic"]
[BlackTeam "Senica SK"]
[WhiteTeamCountry "SVK"]
[BlackTeamCountry "SVK"]

1. e4 c5 2. Nf3 Nc6 3. d4 cxd4 4. Nxd4 g6 5. Be3 Bg7 6. c4 Nf6 7. Nc3 Ng4 8. Qxg4 Nxd4 9. Qd1 Nc6 10. Be2 Bxc3+ 11. bxc3 d6 12. 0-0 b6 13. h4 h5 14. f4 Bb7 15. f5 Ne5 16. Qd4 gxf5 17. Rxf5 Qc7 18. Rxh5 Rxh5 19. Bxh5 Qxc4 20. Bf4 Qxd4+ 21. cxd4 Ng6 22. Bxg6 fxg6 23. e5 Kd7 24. Kf2 Rc8 25. Rc1 Rxc1 26. Bxc1 Ke6 27. exd6 exd6 28. g4 Kd5 29. Ke3 Bc8 30. h5 gxh5 31. gxh5 Bf5 32. h6 b5 33. Bd2 Bh7 34. Bb4 a6 35. a3 Bb1 1/2-1/2

[Event "SVK-chT3A2 1213"]
[Site "Slovakia"]
[Date "2012.11.04"]
[Round "3.6"]
[White "Kovacocy, Pavol"]
[Black "Horak, Ivan"]
[Result "1-0"]
[WhiteElo "2221"]
[BlackElo "2094"]
[PlyCount "123"]
[EventDate "2012.10.07"]
[EventType "team-tourn"]
[EventRounds "11"]
[EventCountry "SVK"]
[SourceTitle "EXT 2015"]
[Source "ChessBase"]
[SourceDate "2014.11.20"]
[SourceVersion "1"]
[SourceVersionDate "2014.11.20"]
[SourceQuality "1"]
[WhiteTeam "Cifer"]
[BlackTeam "Holic"]
[WhiteTeamCountry "SVK"]
[BlackTeamCountry "SVK"]

1. c4 c5 2. g3 Nc6 3. Bg2 g6 4. e4 e6 5. Nc3 Bg7 6. Nge2 Nge7 7. a3 b6 8. 0-0 0-0 9. Rb1 Bb7 10. d3 Nd4 11. Nxd4 cxd4 12. Ne2 d5 13. exd5 exd5 14. Nf4 Qd7 15. Qf3 Rad8 16. Re1 Ba8 17. cxd5 Nxd5 18. Nxd5 Bxd5 19. Qxd5 Qxd5 20. Bxd5 Rxd5 21. Bf4 Rd7 22. Rbc1 f6 23. Rc6 Kf7 24. Kf1 g5 25. Bd6 Rfd8 26. Bb4 a5 27. Bd2 Rd6 28. Rec1 Bf8 29. g4 Rxc6 30. Rxc6 Rd6 31. Rc7+ Be7 32. f4 gxf4 33. Bxf4 Rd5 34. Ke2 b5 35. Kf3 b4 36. a4 Ke6 37. Ke4 Rd8 38. Rc6+ Kf7 39. Bc7 Rg8 40. h3 h5 41. Kf3 hxg4+ 42. hxg4 Rg5 43. Bf4 Rd5 44. Ke4 Rd8 45. b3 Rg8 46. Kf3 Rd8 47. Bc7 Rd5 48. Bb6 f5 49. gxf5 Rxf5+ 50. Ke4 Rf1 51. Kxd4 Rf4+ 52. Kd5 Rf5+ 53. Kc4 Rf4+ 54. d4 Rf3 55. Bxa5 Rc3+ 56. Kb5 Rxb3 57. Rc4 Ke6 58. Bxb4 Kd5 59. a5 Bf6 60. a6 Rb2 61. a7 Ra2 62. Ba5 1-0